[Event "EUCC 2023 - U12"]
[Site "Kouty nad Desnou"]
[Date "2023.08.20"]
[Round "5.5"]
[White "Boryna, Szymon"]
[Black "Jakubse, Tamae Severina"]
[Result "0-1"]
[BlackElo "1301"]
[WhiteElo "1428"]
[LiveChessVersion "1.4.8"]

1. c4 {[%clk 1:30:57]} e5 {[%clk 1:30:54]} 2. Nc3 {[%clk 1:31:22]} Nf6
{[%clk 1:31:19]} 3. Nf3 {[%clk 1:31:48]} Nc6 {[%clk 1:31:43]} 4. e3
{[%clk 1:32:13]} Bb4 {[%clk 1:32:09]} 5. Qc2 {[%clk 1:32:37]} O-O
{[%clk 1:32:30]} 6. Nd5 {[%clk 1:32:57]} Re8 {[%clk 1:32:43]} 7. Ng5
{[%clk 1:31:14]} g6 {[%clk 1:23:13]} 8. h4 {[%clk 1:30:03]} Bf8 {[%clk 1:22:40]}
9. Be2 {[%clk 1:22:11]} d6 {[%clk 1:18:21]} 10. a3 {[%clk 1:02:52]} Bg7
{[%clk 1:11:44]} 11. b4 {[%clk 0:57:26]} Bf5 {[%clk 1:06:32]} 12. d3
{[%clk 0:52:06]} h6 {[%clk 0:44:04]} 13. Ne4 {[%clk 0:42:06]} Nxe4
{[%clk 0:37:44]} 14. dxe4 {[%clk 0:42:22]} Be6 {[%clk 0:37:29]} 15. Bb2
{[%clk 0:41:07]} h5 {[%clk 0:35:45]} 16. g3 {[%clk 0:30:13]} Qd7 {[%clk 0:30:27]}
17. Bf3 {[%clk 0:27:47]} Ne7 {[%clk 0:26:22]} 18. Bg2 {[%clk 0:24:15]} c6
{[%clk 0:24:50]} 19. Nxe7+ {[%clk 0:24:19]} Rxe7 {[%clk 0:22:44]} 20. O-O
{[%clk 0:23:46]} Rc8 {[%clk 0:19:49]} 21. f4 {[%clk 0:19:58]} Bh3
{[%clk 0:16:20]} 22. f5 {[%clk 0:19:06]} Bxg2 {[%clk 0:15:57]} 23. Qxg2
{[%clk 0:19:16]} Bh6 {[%clk 0:15:48]} 24. Qf3 {[%clk 0:17:30]} Rf8
{[%clk 0:14:05]} 25. Rad1 {[%clk 0:13:41]} Qc7 {[%clk 0:13:21]} 26. Rf2
{[%clk 0:13:30]} Qb6 {[%clk 0:13:08]} 27. Re2 {[%clk 0:12:16]} Qc7
{[%clk 0:11:55]} 28. Rf2 {[%clk 0:11:47]} Qb6 {[%clk 0:12:08]} 29. Rd3
{[%clk 0:10:48]} Ree8 {[%clk 0:11:02]} 30. Bc1 {[%clk 0:09:30]} Rd8
{[%clk 0:11:13]} 31. g4 {[%clk 0:09:43]} hxg4 {[%clk 0:10:20]} 32. Qxg4
{[%clk 0:10:09]} Kh7 {[%clk 0:10:25]} 33. fxg6+ {[%clk 0:08:59]} fxg6
{[%clk 0:10:39]} 34. Rxf8 {[%clk 0:08:54]} Bxf8 {[%clk 0:09:52]} 35. h5
{[%clk 0:08:59]} gxh5 {[%clk 0:08:04]} 36. Qxh5+ {[%clk 0:09:16]} Bh6
{[%clk 0:07:53]} 37. Qf7+ {[%clk 0:09:17]} Kh8 {[%clk 0:07:37]} 38. Qf6+
{[%clk 0:09:10]} Kh7 {[%clk 0:07:28]} 39. c5 {[%clk 0:07:11]} Rg8+
{[%clk 0:07:25]} 40. Kh1 {[%clk 0:07:31]} Qc7 {[%clk 0:03:11]} 41. Qf5+
{[%clk 0:06:20]} Kh8 {[%clk 0:02:15]} 42. Qf6+ {[%clk 0:06:43]} Kh7
{[%clk 0:02:20]} 43. Rxd6 {[%clk 0:07:06]} Qg7 {[%clk 0:01:40]} 44. Qxg7+
{[%clk 0:07:31]} Rxg7 {[%clk 0:01:55]} 45. Bb2 {[%clk 0:07:41]} Bxe3
{[%clk 0:02:08]} 46. Bxe5 {[%clk 0:08:02]} Re7 {[%clk 0:02:07]} 47. Bg3
{[%clk 0:08:03]} Bc1 {[%clk 0:01:56]} 48. e5 {[%clk 0:07:13]} Bxa3
{[%clk 0:02:09]} 49. Rd4 {[%clk 0:07:39]} Bb2 {[%clk 0:02:20]} 50. Re4
{[%clk 0:08:04]} Kg6 {[%clk 0:02:25]} 51. Re2 {[%clk 0:07:30]} Bc3
{[%clk 0:02:23]} 52. Re4 {[%clk 0:05:53]} Kf5 {[%clk 0:02:30]} 53. Rf4+
{[%clk 0:06:15]} Ke6 {[%clk 0:02:47]} 54. Rf6+ {[%clk 0:06:36]} Kd5
{[%clk 0:02:51]} 55. Rd6+ {[%clk 0:07:02]} Kc4 {[%clk 0:02:14]} 56. e6
{[%clk 0:07:26]} Bxb4 {[%clk 0:01:41]} 57. Bh4 {[%clk 0:07:51]} Rh7
{[%clk 0:01:55]} 58. e7 {[%clk 0:07:59]} Rxh4+ {[%clk 0:02:17]} 59. Kg2
{[%clk 0:08:28]} Re4 {[%clk 0:02:26]} 60. Rd7 {[%clk 0:07:51]} Bxc5
{[%clk 0:02:48]} 0-1

[Event "EUCC 2023 - U12"]
[Site "Kouty nad Desnou"]
[Date "2023.08.20"]
[Round "5.6"]
[White "Popzafirov, Danail"]
[Black "Prochazka, Michal"]
[Result "1-0"]
[BlackElo "1391"]
[WhiteElo "1885"]
[LiveChessVersion "1.4.8"]

1. e4 {[%clk 1:30:59]} e6 {[%clk 1:30:51]} 2. d4 {[%clk 1:31:18]} d5
{[%clk 1:31:15]} 3. Nc3 {[%clk 1:31:44]} Nf6 {[%clk 1:31:34]} 4. e5
{[%clk 1:32:07]} Nfd7 {[%clk 1:31:49]} 5. Nf3 {[%clk 1:32:29]} c5
{[%clk 1:31:47]} 6. Ne2 {[%clk 1:32:51]} Nc6 {[%clk 1:31:50]} 7. c3
{[%clk 1:33:10]} Qb6 {[%clk 1:29:24]} 8. a3 {[%clk 1:18:20]} c4 {[%clk 1:25:39]}
9. Qc2 {[%clk 1:18:18]} Be7 {[%clk 1:14:45]} 10. g3 {[%clk 1:17:58]} f6
{[%clk 1:14:01]} 11. exf6 {[%clk 1:11:18]} Nxf6 {[%clk 1:14:02]} 12. Bg2
{[%clk 1:11:33]} Bd7 {[%clk 1:10:36]} 13. Bg5 {[%clk 1:09:44]} O-O-O
{[%clk 1:00:58]} 14. O-O {[%clk 1:09:02]} h6 {[%clk 1:00:36]} 15. Bxf6
{[%clk 1:09:05]} gxf6 {[%clk 0:58:44]} 16. Rae1 {[%clk 1:08:10]} e5
{[%clk 0:46:30]} 17. Nh4 {[%clk 1:04:59]} e4 {[%clk 0:38:58]} 18. Nf4
{[%clk 1:02:03]} Be8 {[%clk 0:27:21]} 19. f3 {[%clk 1:01:20]} exf3
{[%clk 0:23:17]} 20. Bxf3 {[%clk 1:01:42]} Ne5 {[%clk 0:21:09]} 21. Kh1
{[%clk 1:00:07]} Nxf3 {[%clk 0:19:40]} 22. Rxf3 {[%clk 0:59:30]} Qc7
{[%clk 0:18:06]} 23. Ne6 {[%clk 0:59:22]} Qd7 {[%clk 0:14:33]} 24. Nxd8
{[%clk 0:59:38]} Qxd8 {[%clk 0:14:51]} 25. Rfe3 {[%clk 0:59:41]} Bd6
{[%clk 0:13:50]} 26. Nf5 {[%clk 0:59:38]} Bc7 {[%clk 0:12:44]} 27. Ng7
{[%clk 0:59:25]} Bd7 {[%clk 0:11:42]} 28. Ne6 {[%clk 0:59:47]} 1-0

[Event "EUCC 2023 - U12"]
[Site "Kouty nad Desnou"]
[Date "2023.08.20"]
[Round "5.7"]
[White "Janouskova, Eliska"]
[Black "Muller-Moingt, Bastien"]
[Result "0-1"]
[BlackElo "1858"]
[WhiteElo "1398"]
[LiveChessVersion "1.4.8"]

1. e4 {[%clk 1:30:58]} e6 {[%clk 1:30:58]} 2. Nf3 {[%clk 1:31:01]} d5
{[%clk 1:31:23]} 3. e5 {[%clk 1:31:02]} c5 {[%clk 1:31:11]} 4. c3
{[%clk 1:31:05]} Nc6 {[%clk 1:31:05]} 5. Na3 {[%clk 1:30:07]} d4 {[%clk 1:25:34]}
6. Bd3 {[%clk 1:25:57]} Nge7 {[%clk 1:23:24]} 7. O-O {[%clk 1:22:31]} Ng6
{[%clk 1:21:41]} 8. Re1 {[%clk 1:18:03]} Be7 {[%clk 1:15:34]} 9. Nc2
{[%clk 1:16:03]} O-O {[%clk 1:04:12]} 10. b3 {[%clk 1:08:13]} Nf4
{[%clk 0:59:43]} 11. Be4 {[%clk 1:04:19]} dxc3 {[%clk 0:59:25]} 12. g3
{[%clk 0:52:46]} cxd2 {[%clk 0:45:45]} 13. Bxd2 {[%clk 0:49:34]} Nd5
{[%clk 0:43:36]} 14. Qe2 {[%clk 0:45:10]} f5 {[%clk 0:36:58]} 15. exf6
{[%clk 0:40:44]} Bxf6 {[%clk 0:37:19]} 16. Rad1 {[%clk 0:40:31]} Nce7
{[%clk 0:31:41]} 17. Ne3 {[%clk 0:36:03]} h6 {[%clk 0:21:53]} 18. Ng4
{[%clk 0:29:55]} Qb6 {[%clk 0:20:29]} 19. Nxf6+ {[%clk 0:27:38]} Nxf6
{[%clk 0:20:51]} 20. Bd3 {[%clk 0:27:18]} Ned5 {[%clk 0:17:31]} 21. Bc4
{[%clk 0:22:59]} Re8 {[%clk 0:14:51]} 22. Ne5 {[%clk 0:20:55]} Qc7
{[%clk 0:13:28]} 23. Bc1 {[%clk 0:19:17]} Nc3 {[%clk 0:13:26]} 24. Qd3
{[%clk 0:17:24]} Nxd1 {[%clk 0:13:49]} 25. Qxd1 {[%clk 0:17:49]} a6
{[%clk 0:12:32]} 26. a4 {[%clk 0:17:35]} Rd8 {[%clk 0:10:40]} 27. Qe2
{[%clk 0:17:27]} Rd4 {[%clk 0:06:55]} 28. Qf3 {[%clk 0:15:53]} Qe7
{[%clk 0:06:03]} 29. Ng6 {[%clk 0:12:49]} Qf7 {[%clk 0:06:03]} 30. Nf4
{[%clk 0:12:00]} Kh8 {[%clk 0:04:59]} 31. Ba3 {[%clk 0:09:39]} Rb8
{[%clk 0:04:40]} 32. Bxc5 {[%clk 0:09:07]} Rd8 {[%clk 0:05:07]} 33. Nxe6
{[%clk 0:07:12]} Bxe6 {[%clk 0:05:25]} 34. Rxe6 {[%clk 0:07:00]} Qg6
{[%clk 0:04:29]} 35. Re1 {[%clk 0:06:49]} b5 {[%clk 0:04:23]} 36. axb5
{[%clk 0:06:51]} axb5 37. Bf1 {[%clk 0:06:10]} Rd5 {[%clk 0:04:37]} 38. b4
{[%clk 0:06:16]} Rd7 {[%clk 0:03:58]} 39. Qc6 {[%clk 0:04:38]} Qf7
{[%clk 0:03:00]} 40. Bxb5 {[%clk 0:04:21]} Rbd8 {[%clk 0:02:42]} 41. Qf3
{[%clk 0:03:49]} Rd2 {[%clk 0:02:05]} 42. Rc1 {[%clk 0:02:35]} Qe6
{[%clk 0:01:44]} 43. Qg2 {[%clk 0:01:42]} Rd1+ {[%clk 0:02:06]} 44. Rxd1
{[%clk 0:02:02]} Rxd1+ {[%clk 0:02:35]} 45. Bf1 {[%clk 0:02:30]} Ne4
{[%clk 0:02:34]} 46. Be3 {[%clk 0:02:41]} Rb1 {[%clk 0:01:48]} 47. b5
{[%clk 0:02:59]} Nc3 {[%clk 0:01:56]} 48. b6 {[%clk 0:02:40]} Nd5
{[%clk 0:02:07]} 49. b7 {[%clk 0:02:15]} Rxb7 {[%clk 0:02:34]} 50. Qf3
{[%clk 0:02:02]} Rf7 {[%clk 0:02:21]} 51. Qd1 {[%clk 0:01:38]} Nxe3
{[%clk 0:02:21]} 52. Qd8+ {[%clk 0:01:09]} Kh7 {[%clk 0:02:50]} 53. Bd3+
{[%clk 0:01:16]} g6 {[%clk 0:01:23]} 54. fxe3 {[%clk 0:01:18]} Qxe3+
{[%clk 0:01:52]} 55. Kh1 {[%clk 0:01:40]} Qe1+ {[%clk 0:02:07]} 0-1

[Event "EUCC 2023 - U12"]
[Site "Kouty nad Desnou"]
[Date "2023.08.20"]
[Round "5.8"]
[White "Ge, Charlene"]
[Black "Polackova, Eva"]
[Result "1-0"]
[BlackElo "1240"]
[WhiteElo "1598"]
[LiveChessVersion "1.4.8"]

1. e4 {[%clk 1:30:58]} c6 {[%clk 1:30:50]} 2. d4 {[%clk 1:31:23]} d5
{[%clk 1:31:08]} 3. exd5 {[%clk 1:31:48]} cxd5 {[%clk 1:31:11]} 4. Bd3
{[%clk 1:32:13]} Nc6 {[%clk 1:30:55]} 5. c3 {[%clk 1:32:38]} e6 {[%clk 1:30:13]}
6. Bf4 {[%clk 1:32:55]} Bd6 {[%clk 1:29:50]} 7. Bxd6 {[%clk 1:33:18]} Qxd6
{[%clk 1:29:03]} 8. Qg4 {[%clk 1:33:21]} Qf8 {[%clk 1:27:33]} 9. Qg3
{[%clk 1:32:45]} Nge7 {[%clk 1:25:35]} 10. f4 {[%clk 1:29:06]} Ng6
{[%clk 1:24:11]} 11. Nf3 {[%clk 1:26:28]} Qd6 {[%clk 1:22:15]} 12. Ne5
{[%clk 1:25:18]} Ncxe5 {[%clk 1:19:22]} 13. fxe5 {[%clk 1:25:10]} Qb6
{[%clk 1:18:04]} 14. Qf2 {[%clk 1:24:13]} O-O {[%clk 1:14:40]} 15. O-O
{[%clk 1:23:05]} Ne7 {[%clk 1:12:03]} 16. b3 {[%clk 1:14:40]} Bd7
{[%clk 1:07:19]} 17. Bxh7+ {[%clk 1:13:01]} Kxh7 {[%clk 1:02:49]} 18. Qh4+
{[%clk 1:13:19]} Kg8 {[%clk 1:02:07]} 19. Qxe7 {[%clk 1:13:15]} Qd8
{[%clk 0:59:21]} 20. Qxd8 {[%clk 1:13:12]} Raxd8 {[%clk 0:59:35]} 21. Na3
{[%clk 1:12:15]} Rc8 {[%clk 0:58:51]} 22. c4 {[%clk 1:11:57]} dxc4
{[%clk 0:57:21]} 23. Nxc4 {[%clk 1:11:47]} Bb5 {[%clk 0:56:44]} 24. Rfc1
{[%clk 1:11:03]} Bxc4 {[%clk 0:56:31]} 25. Rxc4 {[%clk 1:11:01]} Rxc4
{[%clk 0:56:19]} 26. bxc4 {[%clk 1:11:29]} Rd8 {[%clk 0:56:25]} 27. Rd1
{[%clk 1:11:44]} b6 {[%clk 0:56:22]} 28. Kf2 {[%clk 1:11:10]} Rc8
{[%clk 0:55:27]} 29. Rc1 {[%clk 1:11:14]} Kf8 {[%clk 0:55:37]} 30. Ke3
{[%clk 1:10:59]} Ke7 {[%clk 0:55:32]} 31. Kd3 {[%clk 1:09:43]} Rc6
{[%clk 0:54:28]} 32. h4 {[%clk 1:09:09]} Rc8 {[%clk 0:54:20]} 33. g4
{[%clk 1:08:42]} Rh8 {[%clk 0:54:13]} 34. h5 {[%clk 1:08:31]} g6 {[%clk 0:54:20]}
35. Rh1 {[%clk 1:08:33]} gxh5 {[%clk 0:53:26]} 36. gxh5 {[%clk 1:08:41]} Rh6
{[%clk 0:53:27]} 37. Ke4 {[%clk 1:07:59]} Kf8 {[%clk 0:53:06]} 38. Kf4
{[%clk 1:06:40]} Kg7 {[%clk 0:52:40]} 39. Kg5 {[%clk 1:05:11]} Rh8
{[%clk 0:49:28]} 40. h6+ {[%clk 1:02:59]} Kh7 {[%clk 0:49:49]} 41. Rh4
{[%clk 0:59:34]} Rc8 {[%clk 0:49:54]} 42. d5 {[%clk 0:59:47]} exd5
{[%clk 0:50:01]} 43. cxd5 {[%clk 1:00:10]} Rc5 {[%clk 0:49:39]} 44. Rd4
{[%clk 1:00:20]} Rc7 {[%clk 0:49:54]} 45. d6 {[%clk 0:59:56]} Rd7
{[%clk 0:50:15]} 46. Kf6 {[%clk 1:00:08]} a5 {[%clk 0:50:24]} 47. e6
{[%clk 1:00:28]} fxe6 {[%clk 0:50:32]} 48. Kxe6 {[%clk 1:00:54]} Rd8
{[%clk 0:50:46]} 49. d7 {[%clk 1:01:13]} Kxh6 {[%clk 0:51:08]} 50. Ke7
{[%clk 1:01:35]} Rg8 {[%clk 0:51:13]} 51. d8=Q {[%clk 1:01:43]} Rg7+
{[%clk 0:51:26]} 52. Kd6 {[%clk 1:02:08]} Rg6+ {[%clk 0:51:48]} 53. Kc7
{[%clk 1:02:31]} Rg7+ {[%clk 0:52:12]} 54. Rd7 {[%clk 1:02:57]} Rxd7+
{[%clk 0:52:37]} 55. Kxd7 {[%clk 1:03:22]} 1-0

[Event "EUCC 2023 - U12"]
[Site "Kouty nad Desnou"]
[Date "2023.08.20"]
[Round "5.9"]
[White "Nieminen, Oliver"]
[Black "Novotny, Adam"]
[Result "1-0"]
[BlackElo "1117"]
[WhiteElo "1574"]
[LiveChessVersion "1.4.8"]

1. e4 {[%clk 1:30:58]} e5 {[%clk 1:30:53]} 2. Nf3 {[%clk 1:31:22]} Nc6
{[%clk 1:30:42]} 3. d4 {[%clk 1:31:45]} exd4 {[%clk 1:30:13]} 4. Nxd4
{[%clk 1:32:08]} Qh4 {[%clk 1:28:42]} 5. Be3 {[%clk 1:27:54]} Qxe4
{[%clk 1:24:36]} 6. Nd2 {[%clk 1:28:02]} Qg6 {[%clk 1:21:42]} 7. Nb5
{[%clk 1:24:49]} Kd8 {[%clk 1:13:24]} 8. Qf3 {[%clk 1:22:27]} a6 {[%clk 1:09:59]}
9. Bd3 {[%clk 1:20:50]} Qf6 {[%clk 1:05:50]} 10. Qg3 {[%clk 1:20:39]} Qxb2
{[%clk 0:49:28]} 11. Qxc7+ {[%clk 1:20:47]} Ke8 {[%clk 0:47:42]} 12. Rb1
{[%clk 1:21:06]} Qxa2 {[%clk 0:41:42]} 13. Bc4 {[%clk 1:18:56]} Qxc2
{[%clk 0:36:34]} 14. Qf4 {[%clk 1:18:27]} Nf6 {[%clk 0:26:38]} 15. Nc7+
{[%clk 1:18:28]} Kd8 {[%clk 0:25:52]} 16. Nxa8 {[%clk 1:18:37]} Bb4
{[%clk 0:21:43]} 17. O-O {[%clk 1:17:31]} Bxd2 {[%clk 0:17:36]} 18. Qc7+
{[%clk 1:17:09]} Ke8 {[%clk 0:16:06]} 19. Qxc8+ {[%clk 1:17:10]} Nd8
{[%clk 0:16:26]} 20. Bb6 {[%clk 1:16:36]} Ke7 {[%clk 0:15:39]} 21. Qc5+
{[%clk 1:16:13]} Ke8 {[%clk 0:16:03]} 22. Nc7# {[%clk 1:16:30]} 1-0

[Event "EUCC 2023 - U12"]
[Site "Kouty nad Desnou"]
[Date "2023.08.20"]
[Round "5.10"]
[White "Peglau, Lorena"]
[Black "Alcantara, Eliyakim"]
[Result "0-1"]
[BlackElo "1534"]
[WhiteElo "1178"]
[LiveChessVersion "1.4.8"]

1. d4 {[%clk 1:30:58]} e6 {[%clk 1:30:55]} 2. c4 {[%clk 1:31:24]} Nf6
{[%clk 1:31:17]} 3. Nc3 {[%clk 1:31:45]} Bb4 {[%clk 1:31:34]} 4. Bd2
{[%clk 1:31:46]} d5 {[%clk 1:31:54]} 5. e3 {[%clk 1:32:05]} O-O {[%clk 1:32:04]}
6. Nf3 {[%clk 1:32:13]} c5 {[%clk 1:32:11]} 7. a3 {[%clk 1:32:14]} cxd4
{[%clk 1:31:16]} 8. Nxd4 {[%clk 1:32:22]} Bc5 {[%clk 1:29:49]} 9. Nf3
{[%clk 1:31:20]} Nc6 {[%clk 1:27:52]} 10. Be2 {[%clk 1:29:16]} dxc4
{[%clk 1:25:03]} 11. Bxc4 {[%clk 1:29:37]} Re8 {[%clk 1:22:35]} 12. O-O
{[%clk 1:29:00]} e5 {[%clk 1:22:44]} 13. e4 {[%clk 1:27:51]} Bg4 {[%clk 1:21:56]}
14. Bg5 {[%clk 1:24:33]} Qxd1 {[%clk 1:20:39]} 15. Rfxd1 {[%clk 1:24:43]} Nd4
{[%clk 1:20:12]} 16. Be2 {[%clk 1:21:35]} Nxe2+ {[%clk 1:19:14]} 17. Nxe2
{[%clk 1:21:49]} Nxe4 {[%clk 1:19:25]} 18. b4 {[%clk 1:20:25]} Bxf2+
{[%clk 1:19:25]} 19. Kf1 {[%clk 1:20:27]} Bb6 {[%clk 1:18:30]} 20. Nd2
{[%clk 1:17:07]} Nxg5 {[%clk 1:18:48]} 21. Rac1 {[%clk 1:16:48]} Rad8
{[%clk 1:18:32]} 22. Nc4 {[%clk 1:15:50]} Rxd1+ {[%clk 1:18:34]} 23. Rxd1
{[%clk 1:16:11]} Ne4 {[%clk 1:18:54]} 24. Re1 {[%clk 1:15:38]} Be6
{[%clk 1:18:49]} 25. Nxe5 {[%clk 1:14:52]} Nd2# {[%clk 1:18:56]} 0-1

[Event "EUCC 2023 - U12"]
[Site "Kouty nad Desnou"]
[Date "2023.08.20"]
[Round "5.11"]
[White "Alcantara, Levanah"]
[Black "Gailevska, Milana"]
[Result "0-1"]
[BlackElo "1245"]
[WhiteElo "1527"]
[LiveChessVersion "1.4.8"]

1. d4 {[%clk 1:30:42]} d5 {[%clk 1:30:54]} 2. c4 {[%clk 1:31:04]} e6
{[%clk 1:31:00]} 3. Nc3 {[%clk 1:31:26]} Be7 {[%clk 1:31:02]} 4. cxd5
{[%clk 1:31:47]} exd5 {[%clk 1:31:20]} 5. Bf4 {[%clk 1:32:08]} Nf6
{[%clk 1:31:32]} 6. e3 {[%clk 1:32:31]} c6 {[%clk 1:31:56]} 7. Bd3
{[%clk 1:31:45]} Be6 {[%clk 1:30:59]} 8. h3 {[%clk 1:30:40]} Nbd7
{[%clk 1:30:03]} 9. Nge2 {[%clk 1:28:45]} O-O {[%clk 1:29:28]} 10. O-O
{[%clk 1:29:03]} Re8 {[%clk 1:26:37]} 11. Rb1 {[%clk 1:26:17]} a5
{[%clk 1:23:46]} 12. a3 {[%clk 1:22:23]} b5 {[%clk 1:22:12]} 13. Qc2
{[%clk 1:11:40]} h6 {[%clk 1:20:30]} 14. Rfc1 {[%clk 1:08:10]} Nb6
{[%clk 1:17:57]} 15. a4 {[%clk 1:04:51]} b4 {[%clk 1:15:45]} 16. Nd1
{[%clk 1:00:53]} Bd7 {[%clk 1:15:10]} 17. b3 {[%clk 1:00:29]} Bf8
{[%clk 1:13:09]} 18. Kh1 {[%clk 0:55:43]} Ne4 {[%clk 1:12:08]} 19. Ng1
{[%clk 0:54:38]} g6 {[%clk 0:58:01]} 20. Nf3 {[%clk 0:45:05]} c5 {[%clk 0:56:27]}
21. Be5 {[%clk 0:27:48]} cxd4 {[%clk 0:52:19]} 22. Bc7 {[%clk 0:26:03]} Qf6
{[%clk 0:51:52]} 23. exd4 {[%clk 0:23:15]} Rec8 {[%clk 0:50:29]} 24. Qe2
{[%clk 0:17:55]} Nc3 {[%clk 0:46:38]} 25. Nxc3 {[%clk 0:17:14]} Rxc7
{[%clk 0:46:47]} 26. Nb5 {[%clk 0:16:32]} Rxc1+ {[%clk 0:46:19]} 27. Rxc1
{[%clk 0:17:00]} Rc8 {[%clk 0:45:28]} 28. Re1 {[%clk 0:14:56]} Re8
{[%clk 0:45:07]} 29. Ne5 {[%clk 0:14:36]} Qd8 {[%clk 0:39:45]} 30. Qd2
{[%clk 0:11:55]} Qb8 {[%clk 0:37:40]} 31. Qf4 {[%clk 0:10:01]} Re7
{[%clk 0:35:31]} 32. Re3 {[%clk 0:09:46]} g5 {[%clk 0:31:57]} 33. Qf6
{[%clk 0:08:43]} Bxb5 {[%clk 0:24:48]} 34. Bxb5 {[%clk 0:08:35]} Qc7
{[%clk 0:24:44]} 35. Ng4 {[%clk 0:06:22]} Rxe3 {[%clk 0:24:44]} 36. fxe3
{[%clk 0:05:47]} Nc8 {[%clk 0:04:28]} 37. Be8 {[%clk 0:03:38]} Nd6
{[%clk 0:01:25]} 38. Bb5 {[%clk 0:03:41]} Nxb5 {[%clk 0:00:48]} 39. axb5
{[%clk 0:04:06]} Qd6 {[%clk 0:00:46]} 40. Qxd6 {[%clk 0:01:42]} Bxd6
{[%clk 0:01:12]} 41. Nf2 {[%clk 0:00:51]} Kf8 {[%clk 0:01:32]} 42. Kg1
{[%clk 0:00:49]} Ke7 {[%clk 0:01:49]} 43. Kf1 {[%clk 0:00:46]} Kd7
{[%clk 0:02:15]} 44. e4 {[%clk 0:00:39]} dxe4 {[%clk 0:01:08]} 45. Nxe4
{[%clk 0:01:08]} Bf4 46. Ke2 {[%clk 0:01:22]} Kc7 {[%clk 0:00:43]} 47. Kd3
{[%clk 0:01:41]} f5 {[%clk 0:00:55]} 48. Nf6 {[%clk 0:01:43]} Kb7
{[%clk 0:00:55]} 49. Kc4 {[%clk 0:01:55]} Bd6 {[%clk 0:01:09]} 50. Nd5
{[%clk 0:01:25]} h5 {[%clk 0:01:16]} 51. Ne3 {[%clk 0:01:28]} f4 {[%clk 0:01:33]}
52. Nf5 {[%clk 0:01:51]} Bf8 {[%clk 0:01:35]} 53. d5 {[%clk 0:02:05]} Kc7
{[%clk 0:01:23]} 54. Nd4 {[%clk 0:02:01]} Be7 {[%clk 0:01:11]} 55. Ne6+
{[%clk 0:01:59]} Kb6 {[%clk 0:01:27]} 56. Ng7 {[%clk 0:01:00]} h4
{[%clk 0:00:50]} 57. Nf5 {[%clk 0:01:05]} Bd8 {[%clk 0:00:38]} 58. d6
{[%clk 0:01:16]} Kb7 {[%clk 0:00:38]} 59. Kc5 {[%clk 0:01:26]} Bb6+
{[%clk 0:01:00]} 60. Kd5 {[%clk 0:01:38]} a4 {[%clk 0:01:13]} 0-1

[Event "EUCC 2023 - U12"]
[Site "Kouty nad Desnou"]
[Date "2023.08.20"]
[Round "5.12"]
[White "Pop, Maria Olivia"]
[Black "Kozdon, Marek"]
[Result "0-1"]
[BlackElo "1233"]
[WhiteElo "1147"]
[LiveChessVersion "1.4.8"]

1. d4 {[%clk 1:30:49]} Nf6 {[%clk 1:30:49]} 2. Nf3 {[%clk 1:31:08]} e6
{[%clk 1:31:06]} 3. e3 {[%clk 1:31:32]} b6 {[%clk 1:31:13]} 4. Bd3
{[%clk 1:31:35]} Bb7 {[%clk 1:31:26]} 5. Nbd2 {[%clk 1:31:48]} c5
{[%clk 1:31:21]} 6. c3 {[%clk 1:31:56]} Be7 {[%clk 1:31:14]} 7. O-O
{[%clk 1:31:58]} O-O {[%clk 1:31:14]} 8. Qe2 {[%clk 1:32:06]} Nc6
{[%clk 1:31:12]} 9. e4 {[%clk 1:29:44]} cxd4 {[%clk 1:29:58]} 10. cxd4
{[%clk 1:26:37]} Nb4 {[%clk 1:29:15]} 11. Bb1 {[%clk 1:26:38]} Ba6
{[%clk 1:28:34]} 12. Qe3 {[%clk 1:24:31]} Bxf1 {[%clk 1:28:22]} 13. Nxf1
{[%clk 1:24:56]} Re8 {[%clk 1:26:40]} 14. e5 {[%clk 1:25:04]} Nfd5
{[%clk 1:26:01]} 15. Qe4 {[%clk 1:25:16]} f5 {[%clk 1:23:59]} 16. exf6
{[%clk 1:25:37]} Nxf6 {[%clk 1:24:22]} 17. Qe2 {[%clk 1:25:39]} Qc7
{[%clk 1:24:00]} 18. Bg5 {[%clk 1:25:13]} Nbd5 {[%clk 1:23:22]} 19. Bxf6
{[%clk 1:24:49]} Nxf6 {[%clk 1:22:33]} 20. Ng5 {[%clk 1:24:51]} Qf4
{[%clk 1:21:32]} 21. Nf3 {[%clk 1:22:49]} Bd6 {[%clk 1:19:23]} 22. Qd3
{[%clk 1:20:58]} e5 {[%clk 1:16:41]} 23. dxe5 {[%clk 1:21:12]} Bxe5
{[%clk 1:17:02]} 24. Qb3+ {[%clk 1:19:43]} Kh8 {[%clk 1:16:11]} 25. Ne3
{[%clk 1:18:10]} Rac8 {[%clk 1:13:43]} 26. Bf5 {[%clk 1:17:18]} Bd4
{[%clk 1:02:13]} 27. Nxd4 {[%clk 1:15:32]} Qxd4 {[%clk 1:01:25]} 28. Rd1
{[%clk 1:15:48]} Qe5 {[%clk 1:00:24]} 29. h3 {[%clk 1:13:58]} Rc7
{[%clk 0:58:40]} 30. Bg4 {[%clk 1:04:44]} Nxg4 {[%clk 0:55:14]} 31. Nxg4
{[%clk 1:04:37]} Qf4 {[%clk 0:54:50]} 32. Ne3 {[%clk 1:02:56]} Rf8
{[%clk 0:53:42]} 33. Rf1 {[%clk 1:00:34]} Qf7 {[%clk 0:51:50]} 34. Qxf7
{[%clk 0:58:26]} Rxf7 {[%clk 0:52:14]} 35. Re1 {[%clk 0:58:31]} g6
{[%clk 0:51:08]} 36. Rd1 {[%clk 0:58:22]} Kg7 {[%clk 0:50:26]} 37. Rd2
{[%clk 0:57:55]} Rc6 {[%clk 0:48:06]} 38. Kh2 {[%clk 0:58:02]} Rcf6
{[%clk 0:45:53]} 39. Kg3 {[%clk 0:58:06]} h5 {[%clk 0:44:21]} 40. Nd5
{[%clk 0:57:11]} h4+ {[%clk 0:43:18]} 41. Kxh4 {[%clk 0:57:21]} Rxf2
{[%clk 0:43:35]} 42. Rd1 {[%clk 0:56:27]} Rxg2 {[%clk 0:43:24]} 43. Rb1
{[%clk 0:56:16]} Rf3 {[%clk 0:42:51]} 44. a3 {[%clk 0:56:11]} g5+
{[%clk 0:43:09]} 45. Kh5 {[%clk 0:56:25]} Rxh3# {[%clk 0:43:32]} 0-1

[Event "EUCC 2023 - U12"]
[Site "Kouty nad Desnou"]
[Date "2023.08.20"]
[Round "5.13"]
[White "Wang, Simon"]
[Black "Levchenko, Alisa"]
[Result "0-1"]
[BlackElo "1151"]
[WhiteElo "1517"]
[LiveChessVersion "1.4.8"]

1. c4 {[%clk 1:30:58]} e6 {[%clk 1:30:56]} 2. Nf3 {[%clk 1:31:25]} d5
{[%clk 1:31:16]} 3. g3 {[%clk 1:31:52]} c5 {[%clk 1:31:07]} 4. Bg2
{[%clk 1:32:06]} Nf6 {[%clk 1:31:29]} 5. O-O {[%clk 1:32:22]} Nc6
{[%clk 1:31:24]} 6. b3 {[%clk 1:32:34]} Be7 {[%clk 1:30:08]} 7. Bb2
{[%clk 1:33:00]} O-O {[%clk 1:30:29]} 8. e3 {[%clk 1:33:23]} d4 {[%clk 1:23:57]}
9. d3 {[%clk 1:31:13]} e5 {[%clk 1:22:10]} 10. a3 {[%clk 1:26:14]} Bg4
{[%clk 1:20:11]} 11. h3 {[%clk 1:26:06]} Bxf3 {[%clk 1:16:51]} 12. Bxf3
{[%clk 1:25:00]} Qd7 {[%clk 1:15:24]} 13. Bg2 {[%clk 1:25:21]} Rad8
{[%clk 1:15:19]} 14. e4 {[%clk 1:20:25]} b6 {[%clk 1:12:43]} 15. Qe2
{[%clk 1:10:29]} Na5 {[%clk 1:08:41]} 16. Nd2 {[%clk 1:07:45]} a6
{[%clk 1:06:29]} 17. Rab1 {[%clk 1:03:49]} b5 {[%clk 1:03:34]} 18. Bc1
{[%clk 0:58:15]} bxc4 {[%clk 0:59:03]} 19. Nxc4 {[%clk 0:57:36]} Nxc4
{[%clk 0:58:01]} 20. bxc4 {[%clk 0:57:36]} Rb8 {[%clk 0:58:07]} 21. Bb2
{[%clk 0:49:49]} Bd8 {[%clk 0:53:46]} 22. Qc2 {[%clk 0:48:00]} Ba5
{[%clk 0:52:40]} 23. Ba1 {[%clk 0:43:35]} Qc6 {[%clk 0:47:21]} 24. Rxb8
{[%clk 0:41:50]} Rxb8 {[%clk 0:47:43]} 25. Rb1 {[%clk 0:41:55]} Rxb1+
{[%clk 0:45:31]} 26. Qxb1 {[%clk 0:42:15]} h6 {[%clk 0:45:55]} 27. Qb8+
{[%clk 0:40:58]} Qe8 {[%clk 0:45:26]} 28. Qa7 {[%clk 0:36:54]} Qc8
{[%clk 0:43:06]} 29. Bb2 {[%clk 0:35:44]} Nd7 {[%clk 0:43:14]} 30. h4
{[%clk 0:33:03]} Bb6 {[%clk 0:43:32]} 0-1